000 00570nam a2200205 u 4500
005 20240831063730.0
008 091208s2006 es r 000 0 spa d
020 _a8426348378
035 _aUPN01000174205
049 _aI
050 4 _aPZ78
_bP9.7
100 1 _aPuerto, Carlos,
_d1942-
_930387
245 1 3 _aLa rosa del Kilimanjaro /
_cCarlos Puerto.
260 _aZaragoza, Esp. :
_bEdelvives,
_c2006.
300 _a154 p. :
_bil.
440 0 _aAla Delta.
_pAzul ;
_v12
650 4 _aCuentos infantiles espaƱoles
_97725
905 _aInfantil
999 _c146309
_d146309